Najlepsi strzelcy Francji na MŚ w piłce nożnej. - Statystyki

Ogólne statystyki
  • Ten quiz został rozwiązany 83 razy
  • Średni wynik to 6 z 9
Statystyki odpowiedzi
Gole Udział w MŚ Odpowiedź % Poprawnych
12 2018-2022 Kylian Mbappe
96%
6 1998-2010 Thierry Henry
87%
5 1998-2006 Zinedine Zidane
85%
5 2014-2022 Olivier Giroud
78%
4 2014-2022 Antoine Griezmann
73%
5 1978-1986 Michel Platini
73%
13 1958 Just Fontaine
48%
4 1954-1958 Raymond Kopa
24%
4 1978-1986 Dominique Rocheteau
4%
Nie znaleziono quizów pasujących do podanych kryteriów
Rozkład punktacji
Procent ludzi z każdym wynikiem
Percentyl według liczby udzielonych odpowiedzi
Twoja historia wyników
Nie rozwiązałeś tego quizu